Marketingová stratégia kultúrnych zariadení v pôsobnosti PSK

Na minha lista:
Detalhes bibliográficos
Autor principal: Pollák, František, 1985-
Autor Corporativo: Slovenská marketingová asociácia, o.z
Outros Autores: Dorčák, Peter, 1979-, Mudrík, Martin, Wierzbinski, Bogdan, Surmacz, Tomasz, Svetozarovová, Nella, Nastišin, Ľudovít, Bačík, Radovan, Gburová, Jaroslava
Formato: Livro
Idioma:eslovaco
Publicado em: [Prešov] [Bookman] 2013
Edição:1. vyd.
Assuntos:
Tags: Adicionar Tag
Sem tags, seja o primeiro a adicionar uma tag!

MARC

LEADER 00000nam a2200000 4500
001 0226756
005 20240502073733.5
020 |a 978-80-8165-007-9 
041 0 |a slo 
044 |a SK 
245 1 0 |a Marketingová stratégia kultúrnych zariadení v pôsobnosti PSK  |c František Pollák a kolektív ; recenzenti: Radovan Bačík, Jaroslava Gburová 
250 |a 1. vyd. 
264 1 |a [Prešov]  |b [Bookman]  |c 2013 
300 |a 301 s. [9,66 AH] 
610 2 0 |a marketing 
610 2 0 |a stratégia marketingová 
610 2 0 |a zariadenia kultúrne 
610 2 0 |a kultúra 
610 2 0 |a marketing mix 
610 2 0 |a komunikácia marketingová 
610 2 0 |a propagácia 
610 2 0 |a vzťahy s verejnosťou 
610 2 0 |a reklama 
610 2 0 |a marketing elektronický 
100 1 |a Pollák, František, 1985- 
700 1 |a Dorčák, Peter, 1979- 
700 1 |a Mudrík, Martin 
700 1 |a Wierzbinski, Bogdan 
700 1 |a Surmacz, Tomasz 
700 1 |a Svetozarovová, Nella 
700 1 |a Nastišin, Ľudovít 
700 1 |a Bačík, Radovan 
700 1 |a Gburová, Jaroslava 
710 2 |a Slovenská marketingová asociácia, o.z.